Lignes 1 et 2 du tableau périodique - Statistiques

Statistiques générales
  • Ce quiz a été pris 65 fois
  • Le résultat moyen est 8 sur 10
Statistiques - réponses
Atome Numéro Atomique / Symbole % Correct
Oxygène 8 O
94%
Hydrogène 1 H
89%
Hélium 2 He
83%
Carbone 6 C
83%
Fluor 9 F
83%
Azote 7 N
81%
Néon 10 Ne
79%
Béryllium 4 Be
77%
Lithium 3 Li
75%
Bore 5 B
75%
Aucun quiz correspondant
Distribution des résultats
% des personnes avec chaque résultat
Percentile par nombre de réponses
Votre historique - résultats
Vous n’avez pas pris ce quiz